The application of small angle neutron scattering to elastomers (1994 reviews) (Record no. 70468)

MARC details
000 -LEADER
fixed length control field 00386nam a2200133Ia 4500
100 ## - MAIN ENTRY--AUTHOR NAME
Personal name Lohse David J
245 #4 - TITLE STATEMENT
Title The application of small angle neutron scattering to elastomers (1994 reviews)
260 ## - PUBLICATION, DISTRIBUTION, ETC. (IMPRINT)
Name of publisher Rubber Chemistry and Technology
Year of publication 1994
300 ## - PHYSICAL DESCRIPTION
Number of Pages 367-383
650 ## - SUBJECT ADDED ENTRY--TOPICAL TERM
Topical Term 1994 reviews
650 ## - SUBJECT ADDED ENTRY--TOPICAL TERM
Topical Term Elastomers
942 ## - ADDED ENTRY ELEMENTS (KOHA)
Koha item type Journals
Holdings
Withdrawn status Lost status Damaged status Not for loan Home library Current library Shelving location Date acquired Serial Enumeration / chronology Koha item type
      Journals RRII Library RRII Library Rubber chemistry 17/12/2021 Volume 67, Issue 3 Journals